Guess the Country - Tank Edition - Statistics

General Stats
  • This quiz has been taken 229 times
  • The average score is 11 of 14
Answer Stats
Picture Hint Answer % Correct
Leopard 2 Austria / Canada / Chile / Denmark / Finland / Germany / Greece / Hungary / Indonesia / Netherlands / Norway / Poland / Portugal / Qatar / Singapore / Spain / Sweden / Switzerland / Turkey
99%
M1 Abrams Australia / Egypt / Iraq / Kuwait / Saudi Arabia / Morocco / United States
98%
Challenger 2 United Kingdom / Oman
97%
Type 90 Japan
93%
Type 99 China
92%
Leclerc France / United Arab Emerates
89%
Merkava 4 Israel
89%
Stridsvagn 122 Sweden
84%
Ariete Italy
81%
T-84 Ukraine / Thailand
78%
PT-91 Twardy Malaysia / Poland
77%
K1-88 South Korea
61%
Mobarez Iran
46%
TR-85 Romania
40%
No matching quizzes found
Score Distribution
Percent of People with Each Score
Percentile by Number Answered
Your Score History
You have not taken this quiz